Los cuentos de mi Tía Panchita
Guardado en:
| Hovedforfatter: | |
|---|---|
| Format: | Bog |
| Sprog: | Undetermined |
| Udgivet: |
San José, Costa Rica
EDUCA
1998
|
| Fag: | |
| Tags: |
Tilføj Tag
Ingen Tags, Vær først til at tagge denne postø!
|
MARC
| LEADER | 00000nam a2200000Ia 4500 | ||
|---|---|---|---|
| 008 | 170316s9999 xx 000 0 und d | ||
| 040 | |a cru BVZT | ||
| 090 | |a 868 L-10c | ||
| 100 | |a Lyra, Carmen | ||
| 245 | |a Los cuentos de mi Tía Panchita | ||
| 260 | |a San José, Costa Rica | ||
| 260 | |b EDUCA | ||
| 260 | |c 1998 | ||
| 300 | |a 170 páginas | ||
| 650 | |a LITERATURA COSTARRICENSE | ||
| 650 | |a CUENTOS | ||
| 999 | |c 11244 |d 11244 | ||
| 942 | |c 15 D |h 868 L-10c |2 z | ||
